[Event "Tradewise Gibraltar AmatWk2"]
[Site "Gibraltar"]
[Date "2018.01.29"]
[Round "3.2"]
[White "Lochte, Szilvia"]
[Black "Kuenitz, Klaus"]
[Result "0-1"]
[WhiteElo "1862"]
[BlackElo "1767"]
[PlyCount "102"]
[EventDate "2018.01.27"]
[EventType "swiss"]
[EventRounds "5"]
[EventCountry "GGB"]

1. d4 f5 2. Bg5 g6 3. Nc3 Bg7 4. h4 h6 5. Bf4 d6 6. Nf3 c6 7. e4 fxe4 8. Nxe4
Qa5+ 9. c3 Nf6 10. Nxf6+ Bxf6 11. Bd3 Bf5 12. Bxf5 Qxf5 13. Be3 Nd7 14. Qb3
O-O-O 15. O-O-O g5 16. hxg5 hxg5 17. Qc2 Qg4 18. Qe2 Rxh1 19. Rxh1 Nb6 20. c4
c5 21. b3 cxd4 22. Nxd4 Qxg2 23. Re1 Qe4 24. Qf3 Qe5 25. Qf5+ Nd7 26. Qxe5 Nxe5
27. Rg1 a6 28. Ne6 Rg8 29. Nxg5 Nd3+ 30. Kd2 Nxf2 31. Ke2 Bxg5 32. Rxg5 Rxg5
33. Bxg5 Ne4 34. Bxe7 Kd7 35. Bh4 Nc3+ 36. Kd3 Nxa2 37. Be1 Nc1+ 38. Kc2 Ne2
39. Bf2 Kc6 40. Kd3 Nf4+ 41. Kc3 Ne6 42. b4 Ng5 43. Kd3 Nf3 44. Bg3 Ng5 45. b5+
axb5 46. cxb5+ Kc5 47. b6 Nf7 48. Bf2+ Kc6 49. Ke4 Ne5 50. Kf5 Nd7 51. Ke6 Nxb6
0-1

[Event "Tradewise Gibraltar AmatWk2"]
[Site "Gibraltar"]
[Date "2018.01.29"]
[Round "3.3"]
[White "Murray, J Stephen"]
[Black "Robson, Paul E"]
[Result "1-0"]
[WhiteElo "1771"]
[BlackElo "1857"]
[PlyCount "69"]
[EventDate "2018.01.27"]
[EventType "swiss"]
[EventRounds "5"]
[EventCountry "GGB"]

1. e4 g6 2. d4 Bg7 3. Nf3 c5 4. dxc5 Qa5+ 5. c3 Qxc5 6. Na3 Qc7 7. Nb5 Qd8 8.
Bf4 d6 9. e5 a6 10. Nbd4 dxe5 11. Bxe5 Bxe5 12. Nxe5 f6 13. Nef3 e5 14. Nb3 Qb6
15. Bc4 Be6 16. Qe2 Bxc4 17. Qxc4 Nd7 18. O-O-O Rd8 19. Rd2 Ne7 20. Rhd1 Rc8
21. Qa4 O-O 22. Rxd7 Nf5 23. R1d2 Rc6 24. Qe4 Rfc8 25. Qd5+ Re6 26. Rxb7 Qc6
27. Qxc6 Rexc6 28. Rdd7 h5 29. h3 Nd6 30. Ra7 Nb5 31. Rg7+ Kh8 32. Rh7+ Kg8 33.
Rag7+ Kf8 34. Rxg6 Ke8 35. Rg8# 1-0

[Event "Tradewise Gibraltar AmatWk2"]
[Site "Gibraltar"]
[Date "2018.01.29"]
[Round "3.4"]
[White "Mircov, Nicola-Alexandar"]
[Black "Gonzalez Pabollet, Jesus Maria S"]
[Result "1-0"]
[WhiteElo "1754"]
[BlackElo "1852"]
[PlyCount "79"]
[EventDate "2018.01.27"]
[EventType "swiss"]
[EventRounds "5"]
[EventCountry "GGB"]

1. e4 c5 2. Nf3 e6 3. d4 cxd4 4. Nxd4 a6 5. Bd3 Nc6 6. Nxc6 dxc6 7. O-O Qc7 8.
a4 Bc5 9. Qg4 Bd4 10. c3 Bf6 11. f4 g6 12. e5 h5 13. Qf3 Be7 14. Be3 b6 15. a5
bxa5 16. Nd2 Bb7 17. Be4 Nh6 18. Nc4 Nf5 19. Bb6 Qc8 20. Nxa5 O-O 21. b4 Nh4
22. Qd3 Rb8 23. Ba7 Ra8 24. Bf2 Qc7 25. Qc4 Rfc8 26. h3 Nf5 27. g4 hxg4 28.
hxg4 Nh6 29. Bf3 Kg7 30. Kg2 Rab8 31. Ba7 Ra8 32. Be3 Rab8 33. Rh1 Ba8 34. f5
Nxf5 35. gxf5 exf5 36. Qf4 Rh8 37. Bd4 Qd8 38. Rxh8 Qxh8 39. Rh1 Qxh1+ 40. Kxh1
1-0

[Event "Tradewise Gibraltar AmatWk2"]
[Site "Gibraltar"]
[Date "2018.01.29"]
[Round "3.5"]
[White "James, Kevin"]
[Black "Ashwani, Kumar Grover"]
[Result "1-0"]
[WhiteElo "1851"]
[BlackElo "1752"]
[PlyCount "69"]
[EventDate "2018.01.27"]
[EventType "swiss"]
[EventRounds "5"]
[EventCountry "GGB"]

1. d4 d5 2. c4 e6 3. Nc3 c6 4. cxd5 cxd5 5. Bf4 Nc6 6. e3 a6 7. Nf3 Nf6 8. Rc1
Be7 9. Bd3 O-O 10. O-O Bd7 11. a3 b5 12. b4 Na7 13. Ne5 Be8 14. e4 Nc8 15. exd5
Nxd5 16. Nxd5 Qxd5 17. Re1 f5 18. Be2 Qd8 19. Bf3 Ra7 20. Nc6 Bxc6 21. Rxc6 Rd7
22. Qb3 a5 23. Qxe6+ Kh8 24. bxa5 Rxd4 25. Be5 Rc4 26. Bc7 Qd2 27. Rd1 Qc2 28.
Rxc4 bxc4 29. a6 Bxa3 30. Be5 Bc5 31. Bxg7+ Kxg7 32. Qe5+ Rf6 33. Qxc5 Nb6 34.
Qc7+ Kh6 35. h4 1-0

[Event "Tradewise Gibraltar AmatWk2"]
[Site "Gibraltar"]
[Date "2018.01.29"]
[Round "3.6"]
[White "Spanton, Tim R"]
[Black "Francois-Haugrin, Said"]
[Result "0-1"]
[WhiteElo "1888"]
[BlackElo "1714"]
[PlyCount "48"]
[EventDate "2018.01.27"]
[EventType "swiss"]
[EventRounds "5"]
[EventCountry "GGB"]

1. c4 e5 2. Nc3 Nc6 3. Nf3 f5 4. g3 Nf6 5. d4 e4 6. Nh4 d5 7. Bg5 Be6 8. cxd5
Bxd5 9. Nxf5 Be6 10. d5 Bxf5 11. dxc6 b6 12. Bg2 Bb4 13. O-O Bxc3 14. bxc3 O-O
15. Qb3+ Kh8 16. Rad1 Qe7 17. Rd4 Rae8 18. Rfd1 h6 19. Bxf6 Qxf6 20. f3 Qxc6
21. Qc4 Qxc4 22. Rxc4 exf3 23. Bxf3 c5 24. Ra4 Bc2 0-1

[Event "Tradewise Gibraltar AmatWk2"]
[Site "Gibraltar"]
[Date "2018.01.29"]
[Round "3.7"]
[White "Dennis, Nigel W"]
[Black "Laws, Darren C"]
[Result "1-0"]
[WhiteElo "1804"]
[BlackElo "1895"]
[PlyCount "101"]
[EventDate "2018.01.27"]
[EventType "swiss"]
[EventRounds "5"]
[EventCountry "GGB"]

1. e4 e6 2. d4 d5 3. Nc3 Nf6 4. Bg5 dxe4 5. Nxe4 Be7 6. Nxf6+ Bxf6 7. Bxf6 Qxf6
8. Nf3 O-O 9. Be2 Nd7 10. O-O Rd8 11. c3 b6 12. Qc2 Bb7 13. Rad1 c5 14. Rfe1
cxd4 15. Nxd4 Ne5 16. f3 Qg5 17. Qd2 Qh4 18. Qe3 Ng6 19. g3 Qf6 20. f4 Ne7 21.
Bf3 Bxf3 22. Qxf3 Nd5 23. Qe4 g6 24. Qe5 Qxe5 25. Rxe5 Rac8 26. Kg2 a6 27. Kf3
b5 28. a3 Nxc3 29. bxc3 Rxc3+ 30. Re3 Rc4 31. Red3 b4 32. axb4 Rxb4 33. Nc6
Rxd3+ 34. Rxd3 Rb2 35. h3 Rb6 36. Ne5 Rb5 37. Ra3 f6 38. Ng4 a5 39. Nxf6+ Kg7
40. Ne8+ Kh6 41. Nd6 Rd5 42. Nc4 Rc5 43. Nxa5 e5 44. fxe5 Rxe5 45. Nc4 Rh5 46.
Kg4 Rd5 47. Ne3 Rd4+ 48. Kf3 Kg5 49. Ng4 Kh5 50. Ra5+ g5 51. Ra6 1-0

[Event "Tradewise Gibraltar AmatWk2"]
[Site "Gibraltar"]
[Date "2018.01.29"]
[Round "3.8"]
[White "Odiase, Oluwaseun"]
[Black "Pena, Helio Adelino Silva"]
[Result "1-0"]
[WhiteElo "1768"]
[BlackElo "1894"]
[PlyCount "129"]
[EventDate "2018.01.27"]
[EventType "swiss"]
[EventRounds "5"]
[EventCountry "GGB"]

1. c4 e5 2. g3 Nf6 3. Bg2 c6 4. d4 e4 5. Nc3 Bb4 6. Bd2 Bxc3 7. Bxc3 d5 8. cxd5
cxd5 9. Qb3 O-O 10. e3 Nbd7 11. Ne2 Nb6 12. Ba5 Nfd7 13. Nf4 Nf6 14. O-O Bd7
15. Bxb6 Qxb6 16. Nxd5 Qxb3 17. Nxf6+ gxf6 18. axb3 Bc6 19. Rfc1 a6 20. Ra5
Rad8 21. Bf1 Rc8 22. Bh3 Rcd8 23. Rac5 Rd5 24. b4 Rg5 25. Bf1 Rb8 26. h4 Rxc5
27. Rc2 Rc4 28. Rxc4 Kf8 29. Rc5 Bd7 30. Bc4 f5 31. Bd5 Ke8 32. Rc7 Kd8 33.
Bxf7 Ke7 34. Rc3 Kd6 35. Bc4 Re8 36. Kf1 Re7 37. Ke1 Be8 38. Kd2 Bd7 39. Be2
Bc6 40. Rc5 Bd5 41. Bc4 Bxc4 42. Rxc4 b6 43. Rc8 Ra7 44. Rb8 b5 45. Rb6+ Kd5
46. Rf6 Kc4 47. Rxf5 Kxb4 48. Kc1 Rc7+ 49. Kb1 a5 50. Rf4 Kb3 51. Rf5 b4 52.
Rc5 Rf7 53. Rc2 a4 54. d5 a3 55. bxa3 Kxa3 56. d6 h5 57. Rd2 Rd7 58. g4 hxg4
59. h5 b3 60. h6 b2 61. Rd1 Kb3 62. Rd5 Kc3 63. Rc5+ Kb4 64. Rh5 Kc3 65. h7 1-0

[Event "Tradewise Gibraltar AmatWk2"]
[Site "Gibraltar"]
[Date "2018.01.29"]
[Round "3.9"]
[White "Lopez Valcarcel, Juan"]
[Black "Obiamiwe, Paul"]
[Result "0-1"]
[WhiteElo "1780"]
[BlackElo "1891"]
[PlyCount "106"]
[EventDate "2018.01.27"]
[EventType "swiss"]
[EventRounds "5"]
[EventCountry "GGB"]

1. e4 e5 2. Nf3 Nc6 3. Bb5 a6 4. Ba4 Nf6 5. O-O Be7 6. Re1 b5 7. Bb3 d6 8. c3
O-O 9. d3 h6 10. Nbd2 Re8 11. Nf1 Bf8 12. Ng3 Na5 13. Bc2 c5 14. h3 Nc6 15. d4
Qc7 16. d5 Nb8 17. Nh4 g6 18. Be3 Qd8 19. Nf3 Nbd7 20. b3 Bg7 21. Nh2 Nf8 22.
Qd2 Kh7 23. f4 N8d7 24. f5 Nf8 25. Ng4 Nxg4 26. hxg4 Nd7 27. Kf2 Nf6 28. Bd1 h5
29. Rh1 Kg8 30. gxh5 gxf5 31. exf5 Bxf5 32. Nxf5 Ne4+ 33. Ke2 Nxd2 34. Kxd2 Bf6
35. Rh3 Kh8 36. Rg3 b4 37. c4 e4 38. Rc1 Be5 39. Rg5 Qf6 40. g4 Rg8 41. Rxg8+
Rxg8 42. Be2 Bc3+ 43. Kd1 a5 44. Nh6 Rf8 45. Nf5 Qe5 46. Bh6 Kg8 47. Bg7 Qf4
48. Bxc3 bxc3 49. Rxc3 Ra8 50. a4 Rb8 51. Kc2 Re8 52. Re3 Re5 53. Nxd6 Qxe3 0-1

[Event "Tradewise Gibraltar AmatWk2"]
[Site "Gibraltar"]
[Date "2018.01.29"]
[Round "3.10"]
[White "Georgieva, Emilia"]
[Black "Longdin, Michael"]
[Result "1/2-1/2"]
[WhiteElo "1848"]
[BlackElo "1787"]
[PlyCount "120"]
[EventDate "2018.01.27"]
[EventType "swiss"]
[EventRounds "5"]
[EventCountry "GGB"]

1. d4 e6 2. Nf3 f5 3. e3 Nf6 4. b3 Be7 5. Bb2 O-O 6. c4 d6 7. Nc3 b6 8. d5 e5
9. Qc2 Qe8 10. Be2 Nh5 11. O-O-O a5 12. h3 f4 13. Bd3 Nf6 14. exf4 Na6 15. fxe5
Nb4 16. Qe2 Nxd3+ 17. Rxd3 dxe5 18. Qxe5 Qg6 19. Rhd1 Bd6 20. Qe2 Re8 21. Qf1
Bf5 22. Kc2 Nd7 23. Nh4 Bxd3+ 24. Qxd3 Qxd3+ 25. Rxd3 Rf8 26. Nf3 Ne5 27. Nxe5
Bxe5 28. Ne4 Bxb2 29. Kxb2 Rae8 30. f3 h6 31. Ka3 Kf7 32. Ka4 Ke7 33. Kb5 Kd7
34. g4 Re5 35. a3 h5 36. Ka6 hxg4 37. hxg4 Ra8+ 38. Kb5 Rf8 39. Re3 Rfe8 40.
Ka6 Ra8+ 41. Kb5 Rae8 42. Ka4 c6 43. d6 Rxe4 44. fxe4 Kxd6 45. b4 axb4 46. Kxb4
Ke5 47. Re1 Kf4 48. a4 Re5 49. Rf1+ Kxg4 50. Rg1+ Kf3 51. Rxg7 Kxe4 52. Rb7 Kd4
53. Rxb6 Rc5 54. Kb3 Rxc4 55. a5 Rc5 56. a6 Kd5 57. Kb4 Rc4+ 58. Kb3 Rc5 59.
Kb4 Rc4+ 60. Kb3 Rc5 1/2-1/2

[Event "Tradewise Gibraltar AmatWk2"]
[Site "Gibraltar"]
[Date "2018.01.29"]
[Round "3.11"]
[White "Fernandez De La Fuente, Jose A"]
[Black "Johansson, Daniel 1984"]
[Result "0-1"]
[WhiteElo "1735"]
[BlackElo "1832"]
[PlyCount "122"]
[EventDate "2018.01.27"]
[EventType "swiss"]
[EventRounds "5"]
[EventCountry "GGB"]

1. d4 Nf6 2. Bf4 d5 3. e3 e6 4. a3 Bd6 5. Bxd6 Qxd6 6. c4 O-O 7. Nf3 Nbd7 8.
Nc3 a6 9. Be2 dxc4 10. Bxc4 b5 11. Be2 c5 12. dxc5 Qxc5 13. Rc1 Qb6 14. O-O Bb7
15. b4 Rac8 16. Qb3 Rfd8 17. Rfd1 Nd5 18. Nxd5 Bxd5 19. Qb2 Qb7 20. Ne1 Rxc1
21. Rxc1 Nb6 22. Bf3 Nc4 23. Qa1 Be4 24. a4 h6 25. axb5 axb5 26. Rd1 Rd2 27.
Bxe4 Qxe4 28. Nf3 Rb2 29. h3 Rxb4 30. Qc3 Rb1 31. Rxb1 Qxb1+ 32. Kh2 Qb2 33.
Qxb2 Nxb2 34. Nd4 b4 35. Kg1 Nd3 36. Nb3 Kf8 37. Kf1 Ke7 38. Ke2 Ne5 39. f4 Nc6
40. Kd3 Kd6 41. Kc4 e5 42. f5 e4 43. Nd4 Nxd4 44. Kxd4 h5 45. Kc4 Ke5 46. Kxb4
Kxf5 47. Kc3 Ke5 48. Kd2 f5 49. g3 h4 50. gxh4 f4 51. exf4+ Kxf4 52. Ke2 Kg3
53. Ke3 Kxh3 54. h5 Kg4 55. Kxe4 Kxh5 56. Kf3 Kh4 57. Kg2 Kg4 58. Kg1 Kg3 59.
Kh1 g5 60. Kg1 g4 61. Kh1 Kf2 0-1

[Event "Tradewise Gibraltar AmatWk2"]
[Site "Gibraltar"]
[Date "2018.01.29"]
[Round "3.12"]
[White "Galvan Cipriani, Viviana"]
[Black "Diaz Mino, Daniel"]
[Result "0-1"]
[WhiteElo "1826"]
[BlackElo "1698"]
[PlyCount "72"]
[EventDate "2018.01.27"]
[EventType "swiss"]
[EventRounds "5"]
[EventCountry "GGB"]

1. Nf3 Nf6 2. g3 g6 3. Bg2 Bg7 4. O-O O-O 5. c4 d6 6. d4 Nbd7 7. Nc3 c5 8. e4
a6 9. h3 e6 10. Re1 h6 11. Be3 b5 12. e5 dxe5 13. dxe5 Nh7 14. Nd2 Rb8 15. f4
Bb7 16. Nde4 g5 17. Qc2 Qe7 18. Rad1 gxf4 19. gxf4 Rfd8 20. Kh2 Nhf8 21. Rg1
Ng6 22. Bf3 bxc4 23. Bh5 Ndf8 24. Bxc5 Qh4 25. Bg4 Nxf4 26. Nf6+ Bxf6 27. exf6
N8g6 28. Bd6 Bf3 29. Bxf4 Bxd1 30. Nxd1 Nxf4 31. Bxe6+ Kf8 32. Qf5 Nxe6 33. Rg4
Rd2+ 34. Rg2 Qf4+ 35. Qxf4 Rxg2+ 36. Kxg2 Nxf4+ 0-1

[Event "Tradewise Gibraltar AmatWk2"]
[Site "Gibraltar"]
[Date "2018.01.29"]
[Round "3.13"]
[White "Prata, Jose"]
[Black "Lohia, Sohum"]
[Result "1/2-1/2"]
[WhiteElo "1895"]
[BlackElo "1460"]
[PlyCount "127"]
[EventDate "2018.01.27"]
[EventType "swiss"]
[EventRounds "5"]
[EventCountry "GGB"]

1. e4 e5 2. Nc3 Nf6 3. Bc4 Bc5 4. d3 c6 5. Nf3 b5 6. Bb3 d6 7. Bg5 h6 8. Bh4 a5
9. a4 b4 10. Nb1 Nbd7 11. O-O O-O 12. Re1 Re8 13. c3 bxc3 14. bxc3 Bb6 15. Nbd2
Nf8 16. Nc4 Ba7 17. h3 Ng6 18. Bg3 Rb8 19. d4 Be6 20. Ncd2 Bxb3 21. Nxb3 exd4
22. Nbxd4 Qd7 23. Qc2 Nh5 24. Nf5 Nxg3 25. Nxg3 Rb7 26. Rab1 Reb8 27. Nf5 Rxb1
28. Rxb1 Rxb1+ 29. Qxb1 d5 30. Ng3 Qc7 31. Nd4 Bxd4 32. cxd4 Nf4 33. exd5 Nxd5
34. Qc2 Nb4 35. Qe4 Qd7 36. Nf5 Qe6 37. Qg4 Qg6 38. Qe4 Qe6 39. Qe5 Qxe5 40.
dxe5 Kf8 41. Nd6 Nd3 42. Nc4 Ke7 43. Kf1 Ke6 44. Ke2 Nxe5 45. Nxa5 Kd5 46. Nb7
c5 47. a5 Kc6 48. a6 Kb6 49. Nxc5 Nc6 50. Ne4 Kxa6 51. Nd6 Nd8 52. Kd3 Kb6 53.
Ke4 Kc6 54. Nf5 Ne6 55. Ke5 Kd7 56. Nxg7 Nxg7 57. Kf6 Nh5+ 58. Kxf7 Nf4 59. Kg7
h5 60. Kh6 h4 61. Kg5 Nxg2 62. Kg4 Ke6 63. Kf3 Ne1+ 64. Kg4 1/2-1/2

[Event "Tradewise Gibraltar AmatWk2"]
[Site "Gibraltar"]
[Date "2018.01.29"]
[Round "3.14"]
[White "Volovik, Konstantin"]
[Black "Valladolid Martin, Francisco Jose"]
[Result "0-1"]
[WhiteElo "1701"]
[BlackElo "1897"]
[PlyCount "94"]
[EventDate "2018.01.27"]
[EventType "swiss"]
[EventRounds "5"]
[EventCountry "GGB"]

1. b4 e5 2. Bb2 d6 3. e3 f5 4. Nf3 g6 5. b5 Nd7 6. Be2 Bg7 7. d4 e4 8. Nfd2 Ne7
9. c4 O-O 10. Qb3 c6 11. a4 Nf6 12. Nc3 Qc7 13. Rc1 Bd7 14. Na2 a5 15. b6 Qc8
16. Nc3 Be6 17. Ba3 Qd7 18. h3 h6 19. Qd1 Rf7 20. O-O g5 21. Bh5 Nxh5 22. Qxh5
Rf6 23. Qe2 Rg6 24. f4 gxf4 25. Rxf4 Kh7 26. Nf1 Bf6 27. Kh2 Rag8 28. g3 R8g7
29. Qf2 Bg5 30. d5 Bg8 31. dxc6 bxc6 32. b7 Qxb7 33. Bxd6 Bxf4 34. Bxf4 Bxc4
35. Nd2 Bd3 36. Be5 Rg8 37. Ne2 Re6 38. Bd4 Bxe2 39. Qxe2 Qc7 40. Qf2 Reg6 41.
Nf1 h5 42. Bc5 h4 43. Qe2 Kh6 44. Bxe7 Rxg3 45. Nxg3 Qxg3+ 46. Kh1 Qxh3+ 47.
Qh2 Qf3+ 0-1

[Event "Tradewise Gibraltar AmatWk2"]
[Site "Gibraltar"]
[Date "2018.01.29"]
[Round "3.15"]
[White "Cherigui, Mourad"]
[Black "Lopez Diaz, Rafael"]
[Result "1-0"]
[WhiteElo "1892"]
[BlackElo "1687"]
[PlyCount "92"]
[EventDate "2018.01.27"]
[EventType "swiss"]
[EventRounds "5"]
[EventCountry "GGB"]

1. e4 e5 2. Nc3 Nf6 3. f4 d5 4. fxe5 Nxe4 5. Nf3 Nxc3 6. dxc3 Be7 7. Bf4 Bg4 8.
Be2 Bxf3 9. Bxf3 c6 10. Qd2 O-O 11. O-O Nd7 12. Kh1 Re8 13. Rad1 Nf8 14. Bg4
Ne6 15. Be3 Qc7 16. Qf2 Bf8 17. Qg3 g6 18. c4 dxc4 19. Bd2 Bg7 20. Bc3 Rad8 21.
Rxd8 Rxd8 22. Bxe6 fxe6 23. Qg4 Re8 24. Re1 b5 25. a4 a6 26. b3 cxb3 27. cxb3
Qe7 28. axb5 axb5 29. b4 Rd8 30. Qe4 Rd5 31. Ra1 Qd8 32. Qg4 Qe8 33. Qe4 Qd8
34. Qe2 h5 35. h3 Qg5 36. Re1 Qg3 37. Rc1 Rd3 38. Ba1 Bh6 39. Rf1 Kg7 40. Qe4
Rd5 41. Bd4 Bg5 42. Bc5 Qh4 43. Qf3 Rd7 44. Qf8+ Kh7 45. Qe8 Rg7 46. Bf8 Qc4 {
no more moves recorded} 1-0

[Event "Tradewise Gibraltar AmatWk2"]
[Site "Gibraltar"]
[Date "2018.01.29"]
[Round "3.16"]
[White "Garcia-Blazquez Perez, Manuel"]
[Black "Shaw, John S"]
[Result "0-1"]
[WhiteElo "1877"]
[BlackElo "1680"]
[PlyCount "94"]
[EventDate "2018.01.27"]
[EventType "swiss"]
[EventRounds "5"]
[EventCountry "GGB"]

1. e4 c5 2. Nf3 Nc6 3. Bb5 d6 4. d4 cxd4 5. Qxd4 Bd7 6. Bxc6 Bxc6 7. c4 Nf6 8.
Nc3 g6 9. h3 Bg7 10. Qd3 O-O 11. Be3 Qc7 12. Rc1 Rac8 13. O-O a6 14. b3 Rfd8
15. Nd4 e6 16. Rfe1 Qa5 17. Bd2 Qb6 18. Bg5 Re8 19. Rcd1 d5 20. exd5 exd5 21.
Nxc6 dxc4 22. Rxe8+ Rxe8 23. Qg3 bxc6 24. bxc4 Qa5 25. Bd2 Qc5 26. Qh4 Qh5 27.
Bg5 Qxh4 28. Bxh4 Ne4 29. Nxe4 Rxe4 30. Rd8+ Bf8 31. Bf6 Re6 32. Bb2 f5 33. Ba3
Rf6 34. Bxf8 Rxf8 35. Rd6 Rc8 36. c5 a5 37. Kf1 Rb8 38. Rd2 Rb5 39. Rc2 Kf7 40.
Ke2 Ke6 41. Kd3 Kd5 42. Re2 Kxc5 43. Re7 Rb2 44. Rxh7 Rxf2 45. g4 fxg4 46. hxg4
Rg2 47. Rh4 g5 0-1

[Event "Tradewise Gibraltar AmatWk2"]
[Site "Gibraltar"]
[Date "2018.01.29"]
[Round "3.17"]
[White "Marcos Herrero, Francisco"]
[Black "White, Gary"]
[Result "1-0"]
[WhiteElo "1876"]
[BlackElo "1663"]
[PlyCount "63"]
[EventDate "2018.01.27"]
[EventType "swiss"]
[EventRounds "5"]
[EventCountry "GGB"]

1. Nf3 b6 2. d4 Bb7 3. Nbd2 Nf6 4. g3 e6 5. Bg2 c5 6. c3 Nc6 7. O-O Qc7 8. e4
cxd4 9. cxd4 Nb4 10. e5 Nfd5 11. Ne4 Ba6 12. Bg5 Bxf1 13. Bxf1 h6 14. Rc1 Qb7
15. Bd2 Nxa2 16. Ra1 Ndb4 17. Nd6+ Bxd6 18. exd6 Rc8 19. Ne5 Qd5 20. Bf4 Rc2
21. Qg4 Qxd4 22. Qf3 Qd5 23. Qg4 g5 24. Qh5 Rh7 25. Ng4 Qd4 26. Be3 Qg7 27. Rd1
Kd8 28. Bd4 Qg6 29. Qh3 Nc1 30. Bf6+ Kc8 31. Qg2 Kb8 32. Ne5 1-0

[Event "Tradewise Gibraltar AmatWk2"]
[Site "Gibraltar"]
[Date "2018.01.29"]
[Round "3.18"]
[White "Savage, Neil"]
[Black "Atakay, Mustafa"]
[Result "0-1"]
[WhiteElo "1630"]
[BlackElo "1874"]
[PlyCount "44"]
[EventDate "2018.01.27"]
[EventType "swiss"]
[EventRounds "5"]
[EventCountry "GGB"]

1. e4 c6 2. Nc3 d5 3. Nf3 Bg4 4. Be2 e6 5. d4 Nf6 6. e5 Nfd7 7. O-O c5 8. Ng5
Bxe2 9. Nxe2 h6 10. Nf3 Nc6 11. c3 Be7 12. Be3 cxd4 13. cxd4 O-O 14. Nf4 g5 15.
Nd3 f5 16. Qc2 Qe8 17. Qd1 Qg6 18. Kh1 f4 19. Nh4 Qf7 20. Nxf4 gxf4 21. Qg4+
Kh7 22. Bxf4 Bxh4 0-1

[Event "Tradewise Gibraltar AmatWk2"]
[Site "Gibraltar"]
[Date "2018.01.29"]
[Round "3.19"]
[White "Webel, Peter"]
[Black "Kearsley, Raymond J"]
[Result "1-0"]
[WhiteElo "1853"]
[BlackElo "1655"]
[PlyCount "68"]
[EventDate "2018.01.27"]
[EventType "swiss"]
[EventRounds "5"]
[EventCountry "GGB"]

1. d4 d5 2. c4 e5 3. dxe5 d4 4. Nf3 Nc6 5. g3 Nge7 6. Bg2 Ng6 7. O-O Ngxe5 8.
Nxe5 Nxe5 9. Na3 Bc5 10. b4 Be7 11. c5 O-O 12. Nb5 d3 13. exd3 Nxd3 14. Nxc7
Bf6 15. Rb1 Rb8 16. Nd5 Bf5 17. Qf3 Bg6 18. Nxf6+ gxf6 19. Bh6 Re8 20. Rbd1 Ne5
21. Qc3 Qc8 22. Bf4 Bf5 23. Rd6 Kg7 24. Rfd1 Re6 25. R6d5 Qe8 26. Bc1 Qa4 27.
Qd2 Rbe8 28. Rf1 Bg6 29. f4 Nc6 30. f5 Re2 31. Qh6+ Kg8 32. fxg6 hxg6 33. Qf4
Qc2 34. Rd2 Qa4 1-0

[Event "Tradewise Gibraltar AmatWk2"]
[Site "Gibraltar"]
[Date "2018.01.29"]
[Round "3.20"]
[White "Oliva Parra, Ernesto"]
[Black "Anjali, R. Sagar"]
[Result "0-1"]
[WhiteElo "1560"]
[BlackElo "1792"]
[PlyCount "112"]
[EventDate "2018.01.27"]
[EventType "swiss"]
[EventRounds "5"]
[EventCountry "GGB"]

1. e4 e5 2. Nf3 Nc6 3. Nc3 Nf6 4. Bc4 Bc5 5. d3 d6 6. h3 h6 7. a3 Be6 8. Nd5
Bxd5 9. Bxd5 Nxd5 10. exd5 Ne7 11. c4 O-O 12. O-O Nf5 13. Kh1 Qf6 14. Rb1 a5
15. Bd2 Rfe8 16. Qc1 e4 17. dxe4 Rxe4 18. b3 b6 19. Bc3 Qg6 20. Qd2 Rae8 21.
Rbe1 Bxa3 22. Qa2 Bc5 23. Qd2 Kh7 24. Rxe4 Rxe4 25. Re1 Rxe1+ 26. Qxe1 Qh5 27.
Qf1 Ne7 28. Qd1 Qf5 29. Kg1 Ng6 30. Nd4 Qe4 31. Kf1 Kg8 32. Nf3 Nf4 33. Bd2
Qd3+ 34. Kg1 Ne2+ 35. Kh2 Bxf2 36. Qf1 Bg3+ 37. Kh1 Qe4 38. Be1 Bxe1 39. Qxe1
Qe3 40. Kh2 Qf4+ 41. Kh1 Qc1 42. Qxc1 Nxc1 43. Nd2 Kf8 44. Kg1 Ke7 45. Kf2 Kf6
46. g3 Ke5 47. Ke3 f5 48. Nf3+ Kf6 49. Nd2 g5 50. Kf3 Ke5 51. h4 Kd4 52. h5 Kd3
53. g4 fxg4+ 54. Kxg4 Kxd2 55. Kf5 Nxb3 56. Kg6 g4 0-1

[Event "Tradewise Gibraltar AmatWk2"]
[Site "Gibraltar"]
[Date "2018.01.29"]
[Round "3.21"]
[White "Bizcocho Mellado, Gregorio"]
[Black "Greco, Joseph"]
[Result "1-0"]
[WhiteElo "1788"]
[BlackElo "1650"]
[PlyCount "71"]
[EventDate "2018.01.27"]
[EventType "swiss"]
[EventRounds "5"]
[EventCountry "GGB"]

1. e4 d6 2. d4 Nf6 3. Bd3 g6 4. Nf3 Bg7 5. c4 O-O 6. Nc3 Bg4 7. h3 Bxf3 8. Qxf3
c6 9. Be3 Nbd7 10. g4 e5 11. d5 Nc5 12. Bc2 Nfd7 13. b4 Na6 14. Rb1 c5 15. a3
b6 16. h4 h6 17. b5 Nc7 18. Ne2 Qc8 19. Ng3 Nf6 20. Bd1 Nh7 21. g5 h5 22. Nxh5
gxh5 23. Qxh5 Qd8 24. Bg4 f5 25. Bxf5 Rxf5 26. exf5 Qe8 27. Qg4 Rd8 28. f6 Qg6
29. fxg7 Qxb1+ 30. Ke2 Qxh1 31. Qh5 Rd7 32. g6 Rxg7 33. gxh7+ Rxh7 34. Qg6+ Kh8
35. Qxd6 Qxh4 36. Qf8# 1-0

[Event "Tradewise Gibraltar AmatWk2"]
[Site "Gibraltar"]
[Date "2018.01.29"]
[Round "3.22"]
[White "D'Haluin, Wim"]
[Black "Haddock, Paul"]
[Result "0-1"]
[WhiteElo "1764"]
[BlackElo "1580"]
[PlyCount "66"]
[EventDate "2018.01.27"]
[EventType "swiss"]
[EventRounds "5"]
[EventCountry "GGB"]

1. d4 Nf6 2. Bf4 d5 3. Nf3 e6 4. e3 c5 5. c3 Nc6 6. Be2 Qb6 7. Qc1 Bd7 8. Nbd2
Rc8 9. O-O cxd4 10. exd4 Be7 11. Rb1 O-O 12. Qd1 Nh5 13. Be3 f5 14. Ne5 Nf6 15.
Bg5 Qc7 16. f4 Qd8 17. Qe1 Nxe5 18. dxe5 Ne4 19. Nxe4 dxe4 20. Bxe7 Qxe7 21.
Rd1 Qc5+ 22. Rd4 Rfd8 23. Kh1 Bb5 24. b4 Qc6 25. Rxd8+ Rxd8 26. Bxb5 Qxb5 27.
Rf2 Qd3 28. h3 e3 29. Re2 Qc4 30. g3 Rd3 31. Rxe3 Qd5+ 32. Kh2 Rd1 33. Qf2 Qh1#
0-1

[Event "Tradewise Gibraltar AmatWk2"]
[Site "Gibraltar"]
[Date "2018.01.29"]
[Round "3.23"]
[White "Sevillano Garcia, Joaquin"]
[Black "Glacner, Karel"]
[Result "1/2-1/2"]
[WhiteElo "1751"]
[BlackElo "1560"]
[PlyCount "114"]
[EventDate "2018.01.27"]
[EventType "swiss"]
[EventRounds "5"]
[EventCountry "GGB"]

1. d4 e5 2. dxe5 Nc6 3. Nf3 Qe7 4. g3 Nxe5 5. Bg2 d6 6. Nxe5 Qxe5 7. O-O Ne7 8.
Nd2 Nc6 9. Nc4 Qf6 10. c3 Be6 11. Ne3 O-O-O 12. Nd5 Bxd5 13. Qxd5 Qe6 14. Qb5
a6 15. Qa4 Nb8 16. e4 Nd7 17. Be3 c5 18. Qc2 Ne5 19. b3 Kc7 20. h3 Qg6 21. Qe2
f5 22. Bf4 Be7 23. Bxe5 dxe5 24. Rad1 f4 25. Qg4 Qxg4 26. hxg4 h5 27. gxf4 exf4
28. Bf3 Bf6 29. c4 hxg4 30. Bxg4 Rh4 31. Bf3 Bd4 32. Kg2 Rd6 33. Rh1 Rdh6 34.
Rxh4 Rxh4 35. Rh1 Rxh1 36. Kxh1 Bxf2 37. Kg2 Bd4 38. Bg4 a5 39. Kf3 Be5 40. a4
Kd8 41. Ke2 Ke7 42. Kd3 Kf6 43. Ke2 Bc7 44. Bf5 g6 45. Bg4 Ke5 46. Kd3 Bd8 47.
Bf3 Kf6 48. Ke2 Bc7 49. Bg4 Kg5 50. Kf3 Be5 51. Bc8 b6 52. Bd7 Kf6 53. Ke2 Bd4
54. Bg4 Ke5 55. Kd3 Kf6 56. Ke2 Be5 57. Bc8 Kg5 1/2-1/2

[Event "Tradewise Gibraltar AmatWk2"]
[Site "Gibraltar"]
[Date "2018.01.29"]
[Round "3.24"]
[White "Jimenez Urquijo, Juan Manuel"]
[Black "Flynn, David"]
[Result "1/2-1/2"]
[WhiteElo "1496"]
[BlackElo "1876"]
[PlyCount "69"]
[EventDate "2018.01.27"]
[EventType "swiss"]
[EventRounds "5"]
[EventCountry "GGB"]

1. Nf3 Nf6 2. g3 g6 3. Bg2 Bg7 4. d3 d5 5. O-O O-O 6. Nbd2 c5 7. Re1 Nc6 8. c3
h6 9. e4 Be6 10. e5 Nd7 11. d4 c4 12. Nf1 b5 13. Ne3 Nb6 14. h4 Qd7 15. Nh2 f5
16. exf6 exf6 17. b3 Rfd8 18. Qc2 Qf7 19. g4 Rac8 20. Bh3 b4 21. bxc4 Nxc4 22.
Nf3 bxc3 23. Qxc3 Nd6 24. Bb2 Ne4 25. Qd3 Bf8 26. a3 Rb8 27. Reb1 Rdc8 28. Nd2
Nxd2 29. Qxd2 Bd6 30. Bc1 Bf4 31. Qd1 g5 32. Rxb8 Rxb8 33. Nf5 Bxf5 34. Bxf4
gxf4 35. gxf5 1/2-1/2